Statistics for Which “United” Country

Click here to take the quiz!

General Stats

  • This quiz has been taken 19 times
    (15 since last reset)
  • The average score is 14 of 16

Answer Stats

QuestionAnswer% Correct
Has the tallest building in the worldUnited Arab Emirates
100%
Was the latest to join the United NationsUnited Arab Emirates
100%
Is the largest by land area in present day(out of these)United States
100%
Has the largest populationUnited States
100%
When combined with one of it neighbor, it is bigger than Russia in land areaUnited States
100%
Is landlockedNone
93%
Where the company Walmart came fromUnited States
93%
Has no riversUnited Arab Emirates
87%
It’s capital starts with the letter AUnited Arab Emirates
87%
At its height, was the biggest empire by land area in historyUnited Kingdom
87%
Stephen Hawking was from thereUnited Kingdom
87%
It’s most populous city is its capital cityUnited Kingdom
87%
Has the highest GDPUnited States
87%
Gained the least amount of tourists(2019)United Arab Emirates
80%
Is home to the well known WaikikiUnited States
47%
It had the least obesity rate in 2019United Kingdom
27%

Score Distribution

Percentile by Number Answered

Percent of People with Each Score

Your Score History

You have not taken this quiz since the last reset